00987nam a2200241 a 45000010005000000030008000050050017000130080041000300350018000710400031000890410008001200820020001282450072001482600041002203000025002615040046002866500052003327000036003849420012004209990015004329520155004479520143006026729BD-RjUL20211208234312.0120114s1968 nyu 001 0 eng d a(BD-RjUL)6770 aDLCbengcBD-RjULdBD-RjUL aeng a300.1bREA 196800aReadings in philosophy of Social Sciences /cedited by May Brodbeck aNew York :bMacmilan company,cc1968 aix, 789 p. ;c24 cm. aIIncludes selected bibliography and index aSocial SciencesxPhilosophy and theory 9246210 aBrodbeck, May, edittor 9246211 2ddccBK c6729d6729 00102ddc40718NFICaRUCLbRUCLcReadingd1972-08-10eParamount Book Corporationg79.60l0o300.1 REA 1968r2021-03-18 00:00:00tC-1w2021-12-08yBK 00102ddc40708NFICaRUCLbRUCLcStackd1974-04-03eEuro-Bangladeshg112.50l0o300.1 REA 1968r2021-03-18 00:00:00tC-2w2021-12-08yBK